000
00194 a2200097 4500
001
9247
100
_a
Arnold, T.W.
245
_a
The caliphate
260
_a
_b
Routledge
_c
090
_c
7417
_d
7417
942
_a
NUST-CAE
_c
M
_c
34064
999
_c
244320
_d
244320